000 00608nam a2200193Ia 4500
005 20260120124623.0
008 008 260114s9999 xx 000 0 eng d
020 _a9780762312801
037 _aEBOOK
040 _aCRL
_beng
_cCRL
041 _aeng
_2eng
084 _qCRL
245 0 _aTechnology and Education: Issues in Administration, Policy, and Applications in K Schools
260 _bEmerald Publishing
_c2006
700 _aSharon Y. Tettegah
_9908484
856 _uhttps://www.emerald.com/insight/publication/doi/10.1016/S1479-3660(2006)8
942 _cEBOOK
999 _c1500378
_d1500378